Guerra, prensa y manipulación informativa: la prensa centroamericana en 1915 /
El objetivo de este artículo es comparar la forma de hacer periodismo en Costa Rica y El Salvador, durante el primer y segundo semestre de la Primera Guerra Mundial, para conocer los cambios, permanencias y la influencia del conflicto en la prensa. Se escogieron los dos principales diarios de circul...
Na minha lista:
| Autor principal: | |
|---|---|
| Formato: | Texto |
| Assuntos: | |
| Tags: |
Adicionar Tag
Sem tags, seja o primeiro a adicionar uma tag!
|
MARC
| LEADER | 00000 a a2200000 04500 | ||
|---|---|---|---|
| 001 | 45658 | ||
| 003 | |||
| 040 | |||
| 100 | |a Vega Jiménez, Patricia | ||
| 245 | |a Guerra, prensa y manipulación informativa: |b la prensa centroamericana en 1915 / |c Patricia Vega Jiménez | ||
| 520 | |a El objetivo de este artículo es comparar la forma de hacer periodismo en Costa Rica y El Salvador, durante el primer y segundo semestre de la Primera Guerra Mundial, para conocer los cambios, permanencias y la influencia del conflicto en la prensa. Se escogieron los dos principales diarios de circulación nacional de ambos países, se estudiaron todas y cada una de las noticias publicadas y se analizó su contenido y su intencionalidad. El resultado evidencia una manipulación informativa a favor del grupo de los aliados y cambios importantes en la forma de presentación y tratamiento de las noticias. | ||
| 590 | |a AMB/MAYO2014 | ||
| 650 | |a MEDIOS DE COMUNICACION | ||
| 650 | |a PERIODISMO | ||
| 650 | |a PRENSA | ||
| 650 | |a GUERRA | ||
| 650 | |a COSTA RICA | ||
| 650 | |a EL SALVADOR | ||
| 650 | |a AMERICA CENTRAL | ||
| 773 | |g volumen9, número10 (2012), páginas 153-179 : gráficos, ilustraciones, mapa | ||
| 999 | |c 18348 |d 18348 | ||
